000 00339 a2200157 4500
001 59610
020 _a9783785557426
040 _cAnchieta - Pituba
100 _aMeyer, Kai
240 1 0 _aLanze und licht
_lpor
245 1 0 _aLanze und licht
300 _a383
362 0 _a2008
650 4 _aLiteratura juvenil em alemão
942 _cBK
999 _c59610
_d59610